00677nam a2200193 a 450000100100000000500170001000800410002702000180006804000250008610000390011124500630015026000350021330000180024850000210026650000420028750400320032995201050036199900170046600004053320201002034209.0130830s2012 sp 001 0 spa d a9788498923667 aDO-SdBNPbspacBNPHU1 aGonzález Álvarez, Julio96683710aBreve historia del cerebro /cJulio González Álvarez,. aBarcelona :bCrítica,c2012. a332 ;c24 cm. aIncluye índice aIncluye notas al pie de las páginas aBibliografía : p. 306-314 001050718MOaGRbGRcCTd2013-08-30iLF1l0o p40533-10r2020-06-25w2020-06-25y1ZNo se presta c40023d40023